000 01013cam a22002893a 4500
001 20732
003 PGUSA
005 20140828083436.0
008 070303s2007||||xxu|||||s|||||000 p eng d
040 _aPGUSA
_beng
042 _adc
050 4 _aPA
100 1 _aCatullus, Gaius Valerius,
_d-84--54
245 1 4 _aThe Carmina of Caius Valerius Catullus
_h[electronic resource] /
_cGaius Valerius Catullus
260 _bProject Gutenberg,
_c2007
506 _aPublic domain in the USA.
516 _aElectronic text
653 _aElegiac poetry, Latin -- Translations into English
653 _aEpigrams, Latin -- Translations into English
653 _aLove poetry, Latin -- Translations into English
653 _aCatullus, Gaius Valerius -- Translations into English
700 1 _aBurton, Richard Francis,
_cSir,
_d1821-1890
700 1 _aSmithers, Leonard C.
_q(Leonard Charles),
_d1861-1907
830 0 _aProject Gutenberg
_v20732
856 4 0 _uhttp://www.gutenberg.org/ebooks/20732
942 _cEB
999 _c249987
_d249987